000 004380000a22001690004500
003 MACL
005 20160106132342.0
008 160106b xxu||||| |||| 00| 0 eng d
040 _aMACL
_cMACL
041 _aEnglish
082 _a823/THA
100 _aThackeray, W.M.
_928641
245 _aThe Virginians
_bA Tale of The Last century
260 _bBradbury & Evans
_c1859
_aLondon
650 _aStories
_928642
942 _cBK
_k823/THA
_2ddc
999 _c37729
_d37729